| 000 | 01142nam0a22002771 4500 | ||
|---|---|---|---|
| 001 | rc\159001 | ||
| 005 | 20260407112317.0 | ||
| 010 |
_a5-7320-0531-5 _9400 |
||
| 035 | _a(NLR Aleph) 005425002 | ||
| 090 |
_a7516372 _c7516372 |
||
| 100 | _a20030307d1991 |||y0rusy50 ca | ||
| 101 | 0 | _arus | |
| 102 | _aRU | ||
| 105 | _aa ||||||||| | ||
| 200 | 1 |
_aМетрология и техника точных измерений _eМатериалы науч.-техн. конф., 17-18 сент. _fПод ред. А.В. Коткова |
|
| 210 |
_aЛ. _cЛДНТП _d1991 |
||
| 215 |
_a88 с. _cил. _d20 |
||
| 300 | _aВ надзаг.: О-во "Знание" РСФСР, Ленингр. орг., Ленингр. Дом науч.-техн. пропаганды | ||
| 320 | _aБиблиогр. в конце докл. | ||
| 702 | 1 |
_aКотков _bА.В. _gАнатолий Васильевич _4340 |
|
| 712 | 0 | 2 |
_aЛенинградский дом научно-технической пропаганды _3RU\NLR\AUTH\889940416 _9375657 |
| 801 | 0 |
_aRU _bNLR _gpsbo |
|
| 801 | 1 |
_aRU _bELAR _2rusmarc |
|
| 852 |
_aNLR _j91-4/8950 |
||
| 942 | _cBOOK | ||
| 980 | _aNB | ||